000
00320nam a2200121Ia 4500
008
180130s9999||||xx |||||||||||||| ||und||
020
_c
NT350
_a
978-986-89277-7-3
100
_a
許瑞宋
245
0
_c
許瑞宋
_a
哈佛教你發揮救災領導力
250
_a
第一版
260
_c
2015.07
_a
台北市
300
_c
cm.
_a
p.
942
_2
ccl
_c
BOOK
999
_c
797
_d
797